000 00837cam7a220022900 4500
001 qce00284232
005 20190815110944.0
008 720602s1966 wiu b 000 1 eng
010 _a 66013807
035 _a(Sirsi) r122237
035 _a(QCAT)lss00226416
035 _a(UPRA)qce00284232
040 _dUPRA
050 0 _aPZ3.S583
_bPe
100 1 _aSillanpaa, Frans Eemil, 1888-1964.
_dSillanpaa, Frans Eemil, 1888-1964.
_6A89838.1
245 1 0 _aPeople in the summer night :
_ban epic suite /
_cIhmiset suviyossa, translated from the Finnish by Alan Blair, with an introd. by Thomas Warburton.
260 _aMadison :
_bUniversity of Wisconsin Press,
_c1966.
490 0 _aNordic translation series
_6S19779.1
504 _aBibliography: p. xv-xvii.
949 _aPZ3.S583
_wlcc
_i-175949
_mMAIN
_tBOOK
_lON-SHELF
004 122237
999 _c69910
_d69909